Multi Time Person of the Year Quiz Stats

 Plays Quiz Updated Feb 3, 2019

Support Sporcle.
Go Orange.
Score 0/14 Timer 03:00
0 Plays Today
Year Person % Correct
2008 and 2012Barack Obama
93.4%
2000 and 2004George W. Bush
89.7%
1992 and 1998Bill Clinton
86.3%
1932, 1934, and 1941Franklin D Roosevelt
83.8%
1980 and 1983Ronald Reagan
80.1%
1971 and 1972Richard Nixon
70.3%
1944 and 1959Dwight D. Eisenhower
62.9%
Year Person % Correct
1945 and 1948Harry S. Truman
59.1%
1940 and 1949Winston Churchill
56.1%
1964 and 1967Lyndon B. Johnson
53.4%
1939 and 1942Joseph Stalin
42.8%
1987 and 1989Mikhail Gorbachev
29.5%
1943 and 1947George Marshall
10.1%
1978 and 1985Deng Xiaoping
4.4%

From the Vault

Star Wars Movie Directors

by Treverbeast454

Movies 2.5m
A long time ago, in a director's chair far, far away...
Remove Ads.
Support Sporcle.
Get the best of Sporcle when you Go Orange. This ad-free experience offers more features, more stats, and more fun while also helping to support Sporcle. Thank you for becoming a member.

Show Comments

Extras

Top Quizzes Today


Score Distribution

Your Account Isn't Verified!

In order to create a playlist on Sporcle, you need to verify the email address you used during registration. Go to your Sporcle Settings to finish the process.

Report this User

Report this user for behavior that violates our Community Guidelines.

Details: